Vorherige Vereine der 1.FC Köln Spieler - Statistiken

Allgemein
  • Dieses Quiz wurde 102 mal gespielt
  • Das Durchschnittsergebnis liegt bei 16 aus 29
Antwortstatistiken
Spieler Nation des Vereins Verein % Korrekt
Steffen Tigges Deutschland Borussia Dortmund
92%
Mark Uth Deutschland FC Schalke 04
89%
Faride Alidou Deutschland Eintracht Frankfurt
87%
Timo Hübers Deutschland Hannover 96
84%
Linton Maina Deutschland Hannover 96
84%
Luca Waldschmidt Deutschland VfL Wolfsburg
84%
Jonas Nickisch Deutschland RB Leipzig
83%
Benno Schmitz Deutschland RB Leipzig
83%
Florian Kainz Deutschland Werder Bremen
83%
Davie Selke Deutschland Hertha BSC
82%
Leart Paqarada Deutschland FC St. Pauli
78%
Luca Kilian Deutschland 1.FSV Mainz 05
73%
Philipp Pentke Deutschland TSG Hoffenheim
69%
Denis Huseinbasic Deutschland Kickers Offenbach
64%
Justin Diehl Deutschland 1.FC Köln
61%
Dejan Ljubicic Österreich Rapid Wien
60%
Dominique Heintz Deutschland 1.FC Union Berlin
57%
Eric Martel Österreich Austria Wien
52%
Marvin Schwäbe Dänemark Bröndby IF
52%
Rasmus Carstensen Belgien KRC Genk
49%
Julian Chabot Italien Sampdoria Genua
49%
Sargis Adamyan Belgien Club Brügge
34%
Jan Thielmann Deutschland Eintracht Trier
23%
Florian Dietz Deutschland SpVgg Unterhaching
11%
Jacob Christensen Dänemark FC Nordsjaelland
8%
Matthias Köbbing Deutschland FC 08 Homburg
6%
Meiko Wäschenbach Deutschland FC Hennef 05
5%
Elias Bakatukanda Deutschland SC Weiler
5%
Max Finkgräfe Deutschland SG Unterrath
4%
Keine übereinstimmenden Quizze gefunden
Verteilung der Resultate
Anzahl Personen mit jedem Resultat
Perzentil nach korrekt beantworteten Fragen
Ihre Resultats-Entwicklung
Sie haben dieses Quiz noch nicht gespielt